Famous Cartoons by Country - Statistics

General Stats
  • This quiz has been taken 273 times
  • The average score is 6 of 16
Answer Stats
Picture Answer % Correct
United States
98%
Japan
95%
United Kingdom
86%
Australia
72%
Canada
67%
Belgium
52%
Russia
52%
France
22%
Spain
18%
Mexico
17%
Switzerland
17%
India
15%
Nigeria
13%
Turkey
9%
Philippines
5%
South Africa
4%
No matching quizzes found
Score Distribution
Percent of People with Each Score
Percentile by Number Answered
Your Score History
You have not taken this quiz